1579 1256 1177 1283 1790 1516 1076 1834 1591 1478 1255 1174 1770 1178 1690 1159 1214 1148 1167 1188 1959 1351 1190 1509 1144 1890 1760 1357 1642 1235 1178 1601 1810 1785 1179 1936 1677 1172 1471 1649 1670 1014 1604 1958 1909 1577 1588 1480 1926 1376 1237 1243 1598 1782 1097 1684 1971 1195 1070 1820 1346 1066 1573 1333 1811 1604 1021 1963 1262 1688 1176 1127 1070 1721 1476 1121 1936 1758 1734 1007 1800 1592 1457 1440 1299 1079 1501 1622 1530 1713 1883 1829 1021 1327 1676 1298 1946 1297 1445 BCNSPRNW ULIB Ver.6.0+V

เปลี่ยนเป็นภาษาไทย

Change to English
 แสดงรายละเอียดบรรณานุกรม
  กลับหน้าหลัก

Brief Record : Get Marc (ISO 2709) : E-mail record : QR code < ปิดหน้าต่าง
LEADER : 00000nam 2200000uu 4500
001    13399114668
003     ULIB
008    120427s2548||||th 000 0 tha d
020    ^a9745065463
060  4 ^aWA390^bร655ข 2548
100 0  ^aรุจินาถ อรรถสิษฐ
245 10 ^aขวัญ :^bขวัญชีวิตของคนไทย /^cรุจินาถ อรรถสิษฐ, เอนก
250    ^aพิมพ์ครั้งที่ 1
260    ^aนนทบุรี :^bกรมพัฒนาการแพทย์แผนไทยและการแพทย์ทางเลือก,^c2548
300    ^a59 หน้า ;^c21 ซม
440  0 ^aชุดภูมิปัญญาพื้นบ้านด้านสุขภาพ ;^v2
500    ^aSend to Single Search
650  4 ^aขวัญและการทำขวัญ
650  4 ^aบายศรีสู่ขวัญ
700 0  ^aเอนก ศิริโหราชัย
700 0  ^aสมศิริ ยิ้มเมือง
710 2  ^aกรมพัฒนาการแพทย์แผนไทยและการแพทย์ทางเลือก
945    ^p0^l0^i24438
995    ^aกัณชพร
999 ^a ใช้งานได้ทุกระบบ
รายการนี้ยังไม่มีแท็ก
คุณยังไม่ได้ล็อกอิน คุณสามารถมีกิจกรรมร่วมกับเว็บไซต์ได้ แต่ต้องล็อกอินก่อน ::
  ล็อกอิน

รายการสื่อสารสนเทศ

ลำดับที่ ประเภท เลขเรียก/บาร์โค้ด สถานที่ สถานะ
- ไม่พบข้อมูล -

รายการใกล้เคียง
    ผู้แต่ง [รุจินาถ อรรถสิษฐ]

BibComment


ยังไม่เคยถูกคอมเมนท์

คอมเมนท์ทรัพยากรรายการนี้
  คอมเมนท์: ขวัญ ขวัญชีวิตข..


 Copyright 2026. Bcnsprnw @Library